ბათუმის შოთა რუსთაველის სახელმწიფო უნივერსიტეტის ბიბლიოთეკა

Налоги: теория и практика (ბიბ.ჩანაწერი № 37055)

000 -LEADER
fixed length control field 00614nam a2200229Ia 4500
001 - CONTROL NUMBER
control field 3009
003 - CONTROL NUMBER IDENTIFIER
control field GE_BSU
008 - FIXED-LENGTH DATA ELEMENTS--GENERAL INFORMATION
fixed length control field 181216s||||||||xx |||||||||||||| ||und||
020 ## - INTERNATIONAL STANDARD BOOK NUMBER
International Standard Book Number 5757100826
040 ## - CATALOGING SOURCE
Transcribing agency GE_BSU
080 ## - UNIVERSAL DECIMAL CLASSIFICATION NUMBER
Universal Decimal Classification number 336.02
100 ## - MAIN ENTRY--PERSONAL NAME
Personal name Глухов, В.В.и В Дольдэ
245 ## - TITLE STATEMENT
Title Налоги: теория и практика
245 ## - TITLE STATEMENT
Remainder of title Учебное пособие
260 ## - PUBLICATION, DISTRIBUTION, ETC.
Place of publication, distribution, etc. Санкт-Петербург
260 ## - PUBLICATION, DISTRIBUTION, ETC.
Name of publisher, distributor, etc. «Специальная Литература»
260 ## - PUBLICATION, DISTRIBUTION, ETC.
Date of publication, distribution, etc. 1996
300 ## - PHYSICAL DESCRIPTION
Extent 385 с.
653 ## - INDEX TERM--UNCONTROLLED
Uncontrolled term Налоги
942 ## - ADDED ENTRY ELEMENTS (KOHA)
Koha item type წიგნი
ეგზემპლარები
Withdrawn status Lost status Damaged status Not for loan Date acquired Barcode Date last seen Price effective from Koha item type Public note
        2018-12-17 7910 2018-12-17 2018-12-17 წიგნი დარბაზი
        2018-12-17 7911 2018-12-17 2018-12-17 წიგნი დარბაზი